Loading...

Edam Nedanaayoru poraattam /

Bibliographic Details
Other Authors: Leela Gilathi & Jasodhara Bagchi. Ed
Format: Printed Book
Language:Malayalam
Published: kottayam : D C Books, 2009
Subjects:
LEADER 00671nam a22002057a 4500
003 OSt
005 20200624134436.0
008 150429b xxu||||| |||| 00| 0 mal d
020 |a 9788126425327 
041 |a mal 
082 |a 305.4092 LEE/E 
245 |a Edam Nedanaayoru poraattam /  |c Leela Gilathi & Jasodhara Bagchi. 
260 |a kottayam :  |b D C Books,  |c 2009 
300 |a 323p. 
546 |a In Malayalam 
650 |a Gender studies 
700 |a Leela Gilathi & Jasodhara Bagchi.  |c Ed. 
942 |2 ddc  |c BK 
999 |c 319216  |d 319216 
952 |0 0  |1 0  |2 ddc  |4 0  |6 305_409200000000000_LEE_E  |7 0  |9 365538  |a CSC  |b CSC  |c ST1  |d 2015-04-29  |g 150.00  |l 0  |o 305.4092 LEE/E  |r 2015-04-29  |w 2015-04-29  |y BK